00718cam a22002051 4500001000800000005001700008008004100025010001700066040001800083041000800101080000900109082001200118100000700130101000800137245018200145906004500327942001200372999001700384952011100401217425720180111042034.0700729s1966 miuach 000 0beng  a 68006091  aDLCcDLCdDLC aeng a941  2941 CHU a19 aHIS00aWinston S. Churchill: youth, 1874-1900. Based upon Randolph S. Churchill's book "Winston S. Churchill."cA Giniger portfolio published in association with University Microfilms. a7bcbccorignewduencipf19gy-gencatlg 2ddccBK c40071d40071 00102udc40708PËKGa002b002cPËKGd2018-01-11l0o941 CHUp002-2995056r2018-01-11w2018-01-11yBK